000 00368nam a2200145Ia 4500
008 230917s9999||||xx |||||||||||||| ||und||
040 _e129594
_aMAIN
041 _aEnglish
082 _a338.4791 C394T
100 _aChauhan, Ravee
245 0 _aTourism: Concepts and practices
260 _aNew Delhi
_bVista International
_c2009
300 _a272 p.
942 _cBK
999 _c152510
_d152510